000 006180000a22001810004500
003 MACL
005 20160205130437.0
008 160205b xxu||||| |||| 00| 0 eng d
040 _aMACL
_cMACL
041 _aHindi
082 _a020
100 _aशास्‍त्री अनुज
_936964
245 _aपूस्‍तकालय पद्धति सैद्धान्तिक औश्र व्‍यावहारिक
260 _bबिहार हिंदी ग्रंथ
_c1986
_aपटरना
350 _a30
650 _aLibrary & Inf Science
_936940
942 _cHIN
_k020
_2ddc
999 _c29467
_d29467